LIBRARY & INFORMATION CENTRE, KCAET, TAVANUR

ONLINE PUBLIC ACCESS CATALOGUE (OPAC)

Text book of physics (Record no. 1356)

MARC details
000 -LEADER
fixed length control field 00447cam a2200193ua 4500
041 ## - LANGUAGE CODE
Language code of text/sound track or separate title eng
082 ## - DEWEY DECIMAL CLASSIFICATION NUMBER
Classification number 530
Item number DUN/TE
100 ## - MAIN ENTRY--AUTHOR NAME
Personal name Duncam, J .
245 ## - TITLE STATEMENT
Title Text book of physics
250 ## - EDITION STATEMENT
Edition statement 2 /
260 ## - PUBLICATION, DISTRIBUTION, ETC. (IMPRINT)
Place of publication London :
Name of publisher The English Language book society ,
Year of publication 1957.
300 ## - PHYSICAL DESCRIPTION
Number of Pages 1063 ; .
700 1# - ADDED ENTRY--PERSONAL NAME
Personal name Starling, S. G .
942 ## - ADDED ENTRY ELEMENTS (KOHA)
Koha item type Books
Holdings
Withdrawn status Lost status Damaged status Home library Current library Date acquired Full call number Accession Number Koha item type
      KAUAET KAUAET 07/04/2012 530 2564 Books
free website counter